000 00697nam a2200205 i 4500
001 99368
003 ES-MaACL
005 20250831123109.0
007 t|
008 050907s1947 sp ||||1| spa d
100 1 _aMartín-Granizo, León.
_977517
245 1 3 _aEl Instituto de Reformas Sociales y sus hombres /
_cpor León Martín-Granizo.
260 _aMadrid :
_b[Escuela Social de Madrid],
_c1947 (
_fF. Domenech)
300 _a60 p. ;
_c22 cm.
594 _aPrecede al tít.: Patronato de la Escuela Social de Madrid.
610 2 4 _aInstituto de Reformas Sociales (España)
_95000
710 2 _aEscuela Social de Madrid.
_93593
852 _aES-MaACL
_j1866-F-2
999 _c99368
_d99368